Анализ критичности технологического процесса; Методы менеджмента качества; № 9

Bibliografiske detaljer
Parent link:Методы менеджмента качества: научно-технический журнал/ Всероссийская организация качества (ВОК).— , 1999-.— 0130-6898
№ 9.— 2002.— С. 48-50
Hovedforfatter: Епишин И. Г.
Sprog:russisk
Udgivet: 2002
Serier:Надежность и безопасность
Fag:
Format: MixedMaterials Book Chapter
KOHA link:https://koha.lib.tpu.ru/cgi-bin/koha/opac-detail.pl?biblionumber=384316

MARC

LEADER 00000naa2a2200000 4500
001 384316
005 20231101063233.0
035 |a (RuTPU)RU\TPU\prd\10890 
090 |a 384316 
100 |a 20030221a2002 k y0rusy50 ca 
101 0 |a rus 
102 |a RU 
200 1 |a Анализ критичности технологического процесса  |f И. Г. Епишин 
225 1 |a Надежность и безопасность 
320 |a Библиогр.: 3 назв. 
461 1 |0 (RuTPU)RU\TPU\prd\1635  |x 0130-6898  |t Методы менеджмента качества  |o научно-технический журнал  |f Всероссийская организация качества (ВОК)  |d 1999- 
463 1 |0 (RuTPU)RU\TPU\prd\7460  |t № 9  |v С. 48-50  |d 2002 
610 1 |a технологические процессы 
610 1 |a анализ критичности 
610 1 |a серийное производство 
610 1 |a экономический риск 
610 1 |a качество 
610 1 |a надежность 
700 1 |a Епишин  |b И. Г. 
801 1 |a RU  |b 63413507  |c 20030221  |g PSBO 
801 2 |a RU  |b 63413507  |c 20130520  |g RCR 
942 |c BK